Formazione Del Destino E Vita Dopo La Morte

محفوظ في:
التفاصيل البيبلوغرافية
المؤلف الرئيسي: Rudolf Steiner
التنسيق: كتاب
اللغة:لغة غير معروفة
منشور في: Editrice Antroposofica Milano
الوسوم: إضافة وسم
لا توجد وسوم, كن أول من يضع وسما على هذه التسجيلة!

MARC

LEADER 00000nam a2200000Ia 4500
001 R-668
003 CODICE-MESSINA
005 20260212102455.0
008 260211s9999 xx 000 0 und d
040 |c importazione_messina 
100 |a Rudolf Steiner 
245 0 |a Formazione Del Destino E Vita Dopo La Morte 
260 |b Editrice Antroposofica Milano 
942 |2 ddc  |c BK 
952 |0 0  |1 0  |2 ddc  |4 0  |6 SCAFFALE_6_000000000000000__ROMANZI  |7 0  |9 31491  |a ME  |b ME  |d 2026-02-11  |l 0  |o SCAFFALE 6 - ROMANZI  |p R-668  |r 2026-02-11 23:52:35  |w 2026-02-11  |x [REVISIONARE]  |y BK 
999 |c 27156  |d 27156